Представление документа в формате RUSMARC

ПолеНазваниеЗначение
  Тип записи a
  Библиографический уровень a
001 Контрольный номер RU/CBS_UL/BASE/3962c7912ff34a4f9a6bd4b3be85970b
005 Дата корректировки 20260316233935.1
100 Данные общей обработки __
a Данные общей обработки 20260316 ||| 0rusy0189 ca
101 Язык документа 0_
a Язык текста rus
102 Страна публикации __
a Страна публикации RU
200 Заглавие и сведения об ответственности 1_
a Заглавие Шедевр мирового танкостроения
e Сведения, относящиеся к заглавию [о танке Т-54]
300 Общие примечания __
a Общие примечания 12+
461 Уровень набора _0
1 2000
a Мир техники для детей
463 Уровень физической единицы _0
1 2000
a № 9
v С. 2-39 : фот., ил.
1 2101
d 2021
1 001RU/CBS_UL/BASE/695125209
606 Тематические рубрики 0_
a Основная рубрика Танковое вооружение - Т-54, танк
610 Ключевые слова 0_
a Ключевые слова танкостроение
610 Ключевые слова 0_
a Ключевые слова танкостроение отечественное
610 Ключевые слова 0_
a Ключевые слова танки
610 Ключевые слова 0_
a Ключевые слова Т-54 (танки)
610 Ключевые слова 0_
a Ключевые слова советские танки
610 Ключевые слова 0_
a Ключевые слова история танкостроения
610 Ключевые слова 0_
a Ключевые слова танковое вооружение
686 Индексы других классификаций __
2 Код системы rubbk
a Классификационный индекс 68.513.12
801 Источник записи _0
a Страна RU
b Организация МБУК ЦБС г. Ульяновска
c Дата составления 20260316
g Правила каталогизации RCR
801 Источник записи _1
a Страна RU
b Организация МБУК ЦБС г. Ульяновска
c Дата составления 20260316
g Правила каталогизации RCR
901 Тип документа __
t Тип документа b
w Контрольный № источника RU/CBS_UL/BASE/695125209
909 Создатель записи __
a Создатель записи lib1